000
00324nam a22001337a 4500
008
260305b ||||| |||| 00| 0 eng d
020
_a
9789951891219
041
_a
eng
080
_a
2.1
100
_a
20.1
101
_a
informacion
245
_a
Menaxhimi i sistemeve të informacionit
_c
Kastriot Blakaj
942
_2
udc
_c
BK
999
_c
60874
_d
60874